00362nam a22001457a 450000500170000000800410001704100080005808200170006610000160008324500590009925000120015826000220017030000160019265000080020820200522091854.0200522b xxu||||| |||| 00| 0 eng d aeng a340.0954 SEE aSeervai H.M aConstitutional Law of India : A Critical Commentory II a4'thed. aMumbaibM.J Pocha aA-205, I-32 aLAW